Statistiques concernant Les titres musicaux n°1 en France en 2011

Cliquez ici pour prendre le quiz!

Statistiques générales

  • Ce quiz a été pris 132 fois
  • Le résultat moyen est 10 sur 16

Statistiques - réponses

TitreInterprète% Correct
Elle me ditMika
95%
Someone like youAdèle
94%
Je l'aime à mourir (La quiero a morir)Shakira
87%
Party Rock AnthemLMFAO, Lauren Bennett, GoonRock
84%
Man DownRihanna
83%
We found loveRihanna
83%
CeluiColonel Reyel
82%
Toutes les nuitsColonel Reyel
82%
On the FloorJennifer Lopez, Pitbull
73%
Price TagJessie J, B.o.B
58%
The Time (Dirty Bit)The Black Eyed Peas
54%
Just can't get enoughThe Black Eyed Peas
54%
Over the RainbowIsrael Kamakawiwo'ole
46%
SweetSnoop Dogg, David Guetta
20%
Bleu noirMylène Farmer
15%
Lonely LisaMylène Farmer
15%

Distribution des résultats

Percentile par nombre de réponses

% des personnes avec chaque résultat

Votre développement - résultats

Vous n’avez pas pris ce quiz